Регионална библиотека "Любен Каравелов" - Русе

Партита за две цигулки (Запис номер 350576)

MARC детайли
000 -Лидер
Контролно поле с фиксирана дължина 00984ncm a2200289 c 4500
003 - Код на организацията, давaща контролен номер
Контролно поле BLK
005 - Дата и час на последна редакция
Контролно поле 20200401171613.0
008 - Елементи от данни с фиксирана дължина
fixed length control field 180414b bul |a|er|||| |0| c|bulo|
010 ## - Наследен системен номер
LC control number NOT00004115000
040 ## - Източник на каталожния запис
Идентификатор на билиотеката - собственик на записа BLK
041 ## - Код за език
Код за езика на текст/звукозапис или на отделно заглавие Български
Код за езика КДБФ Български
080 ## - УДК
Текстов определител УДК Дуо за две цигулки
УДК код - определител по УДК 785.72:787.1
УДК - код + определител 785.72:787.1
100 ## - Редна дума - Автор
Автор Панчев, Владимир Симеонов
Авторска отговорност първи автор
R(LIN) 389129
139 ## - Редно поле
Редна дума Панчев, Владимир Симеонов
Авторски знак Панч - П 20
245 10 - Сведения за заглавието
Заглавие Партита за две цигулки
Подзаглавни данни В осем части
Редно поле (дума) Владимир Симеонов Панчев.
257 ## - Страна на издаване
Страна на създаване/издаване България
260 ## - Област на издателските данни
Име на издателя, разпространителя и проч. Наука и изкуство
Година на издаване 1983
Място на издаване, разпространение и проч. София
300 ## - Физическа характеристика
Страници 44 с.
Размери/Мащаб 33 см
380 ## - Жанр
Жанр Изкуство
650 #4 - Допълнително описание по предмет – тема
Основно описание – тема или топоним Цигулки
9 (RLIN) 177310
653 ## - Ключова дума – ненормативна
Ключова дума две цигулки
852 ## - Местоположение
Форматна сигнатура Цб М ІІ 9088
Част 0
856 4# - Електронен адрес и достъп
Електронен формат pdf - файл
Път до файла /url/
856 4# - Електронен адрес и достъп
Електронен формат pdf - файл
Път до файла /url/
999 ## - СИСТЕМНИ КОНТРОЛНИ НОМЕРА
Koha biblionumber 350576
Koha biblioitemnumber 350576
942 ## - АРТИКУЛИ
Вид на библиотечния материал Нотни издания
Скрит в OPAC Не
Периодичен библиозапис Да
944 ## - СЪЗДАВАНЕ И РЕДАКЦИЯ на ЗАПИСА
Създаване/Редакция Създаване
Дата на регистрацията/редакция 09.10.2017
Служител, извършил регистрацията/редакцията Ирена_Линкова
944 ## - СЪЗДАВАНЕ И РЕДАКЦИЯ на ЗАПИСА
Създаване/Редакция Редакция
Дата на регистрацията/редакция 09.10.2017
Служител, извършил регистрацията/редакцията Ирена_Линкова
999 ## - СИСТЕМНИ КОНТРОЛНИ НОМЕРА
Koha biblioitemnumber 350576
999 ## - СИСТЕМНИ КОНТРОЛНИ НОМЕРА
Koha biblioitemnumber 322078
Наличности
Код за отписване Код за изгубен артикул Източник на класификационната схема Код за повреда Коз за рестрикции Код за отдаване Артикулен № Име на библиотеката - собственик Име на библиотеката, в която се намира в момента Статус (Текущо местоположение) Дата на вписване в системата Местоположение - отдел Цена в лева Инвентарен номер Систематично азбучна сигнатура Баркод Цена в евро Служебен тип на артикула
  Не е изгубен Universal Decimal Classification Не е повреден без рестрикции заемане за дома 757824 Регионална библиотека "Любен Каравелов" Русе Регионална библиотека "Любен Каравелов" Русе Отдел Изкуство - подръчен фонд 2020-04-02 Отдел Изкуство - подръчен фонд 2.67 375764 787.1/П 20 В 120000375764 1.37 Нотни издания
  Не е изгубен Universal Decimal Classification Не е повреден без рестрикции заемане за дома 757825 Регионална библиотека "Любен Каравелов" Русе Регионална библиотека "Любен Каравелов" Русе Отдел Изкуство - подръчен фонд 2020-04-02 Отдел Изкуство - подръчен фонд 2.67 376099 787.1/П 20 В 120000376099 1.37 Нотни издания
Vip Innovations Ltd, Rousse, Bulgaria 2025